The Philosophy of the enlightenment / (Record no. 80108)

MARC details
000 -LEADER
campo de control de longitud fija 00546nam a2200181 i 4500
001 - NÚMERO DE CONTROL
campo de control 80108
003 - IDENTIFICADOR DE NÚMERO DE CONTROL
campo de control ES-MaACL
007 - CAMPO FIJO DE DESCRIPCIÓN FÍSICA--INFORMACIÓN GENERAL
campo de control de longitud fija t|
008 - DATOS DE LONGITUD FIJA--INFORMACIÓN GENERAL
campo de control de longitud fija 041026s1910 xxk ||||1| eng d
100 1# - ENTRADA PRINCIPAL--NOMBRE DE PERSONA
Nombre de persona Hibben, John Grier.
9 (RLIN) 63540
245 14 - MENCIÓN DEL TÍTULO
Título The Philosophy of the enlightenment /
Mención de responsabilidad, etc. John Grier Hibben.
260 ## - PUBLICACIÓN, DISTRIBUCIÓN, ETC.
Lugar de publicación, distribución, etc. London :
Nombre del editor, distribuidor, etc. [s.n.,
Fecha de publicación, distribución, etc. 1910] (
Lugar de fabricación/manufactura New York :
Fabricante Scribner Press)
300 ## - DESCRIPCIÓN FÍSICA
Extensión XII, 312 p. ;
Dimensiones 21 cm.
490 1# - MENCIÓN DE SERIE
Mención de serie The epodes of philosophy
830 0# - PUNTO DE ACCESO ADICIONAL DE SERIE-TÍTULO UNIFORME
Título uniforme The epodes of philosophy
9 (RLIN) 231477
852 ## - LOCALIZACIÓN
Ubicación ES-MaACL
Número de control de estantería C-737
Holdings
Estatus retirado Estado de pérdida Estado de daño No para préstamo Biblioteca de origen Biblioteca actual Ubicación en estantería Fecha de adquisición Fuente de adquisición Total de préstamos Signatura topográfica completa Código de barras Visto por última vez Precio de reemplazo Tipo de ítem Koha
        Biblioteca del Ateneo de Madrid Biblioteca del Ateneo de Madrid Sala Palomar 17/01/2008     C-737 1083757 23/02/2023 23/02/2023 Libro impreso